| 000 | 00569nam a2200217Ia 4500 | ||
|---|---|---|---|
| 008 | 101110s9999 xx 000 0 und d | ||
| 041 | _aMARATHI | ||
| 082 | _bSR34648 | ||
| 100 | _aDeshamukh Mahadeo Shrirang & Vibhute Somnath Sarjerao | ||
| 245 | _aPragat arthik siddhant TYBA | ||
| 260 |
_c2010 _bSheth pulishers, Mumbai |
||
| 300 | _a378 | ||
| 365 | _b110 | ||
| 520 | _aEconomics | ||
| 546 | _aMARATHI | ||
| 630 | _aPragat arthik siddhant TYBA | ||
| 650 | _aEconomics | ||
| 655 | _aEconomics | ||
| 730 | _aPragat arthik siddhant TYBA | ||
| 942 | _cBOOK | ||
| 999 |
_c827149 _d827146 |
||